Music From Gay Club To The World - Statistics

General Stats
  • This quiz has been taken 22 times
    20 since last reset
  • The average score is 9 of 17
Answer Stats
Hint Answer % Correct
You Spin Me Round (Like A Record) (1984/85) Dead Or Alive
89%
I Feel Love (1977) Donna Summer
89%
Relax (1983/84) Frankie Goes To Hollywood
89%
Venus (1986) Bananarama
78%
Gloria (1982/83) Laura Branigan
78%
Smalltown Boy (1984) Bronski Beat
67%
I Should Be So Lucky (1988) Kylie Minogue
67%
You Think You're A Man (1984) Divine
56%
So Macho (1985/86) Sinitta
56%
You Make Me Feel (Mighty Real) (1978) Sylvester
56%
High Energy (1984) Evelyn Thomas
22%
Feels Like I'm In Love (1979/80) Kelly Marie
22%
Male Stripper (1986/87) Man 2 Man
22%
Boys (Summertime Love) (1986) Sabrina
22%
Call Me (1987/88) Spagna
22%
Where Is My Man? (1983) Eartha Kitt
11%
Searchin' (I Gotta Find A Man) (1983/84) Hazell Dean
11%
No matching quizzes found
Score Distribution
Percent of People with Each Score
Percentile by Number Answered
Your Score History
You have not taken this quiz since the last reset